| 000 | 00386nam a22001337a 4500 | ||
|---|---|---|---|
| 020 | _a0-471-93450-X | ||
| 082 | _a670.285 WAL'C | ||
| 100 |
_aWALDNER, JEAN BAPTISTE _967510 |
||
| 245 | _aCIM, PRINCIPLES OF COMPUTER INTEGRATED MANUFACTURING | ||
| 260 |
_aCHICHESTER _bJOHN WILEY _c1992 |
||
| 300 | _aXI, 189P | ||
| 650 |
_aCOMPUTER INTEGRATED MANUFACTURING SYSTEMS _918505 |
||
| 942 | _cBK | ||
| 999 |
_c575273 _d575273 |
||